Introduction to Economics

Guardat en:
Dades bibliogràfiques
Autor principal: D.M. Mithani
Format: Llibre
Publicat: Himalaya
Matèries:
Etiquetes: Afegir etiqueta
Sense etiquetes, Sigues el primer a etiquetar aquest registre!

MARC

LEADER 00000nam a2200000Ia 4500
005 20260427112650.0
526 |b Economics 
100 |a D.M. Mithani 
020 |a 9789351428268 
650 |a General Economics 
526 |a Bachelors 
942 |c BK 
245 |a Introduction to Economics 
260 |b Himalaya 
999 |c 33  |d 33 
952 |0 0  |1 0  |4 0  |7 0  |8 1  |a BRISTOL  |b BRISTOL  |d 2026-04-22  |l 0  |p 000001  |r 2026-04-27 11:26:51  |w 2026-04-27  |y BK